Posúdenie bezpečnosti priehrady Horné Orešany pri extrémnom namáhaní

Salvato in:
Dettagli Bibliografici
Autore principale: Magulová, Petra (Autore)
Altri autori: Bednárová, Emília (Relatore della tesi)
Natura: Manoscritto Libro
Lingua:slovacco
Pubblicazione: 2021
Soggetti:
Accesso online:http://is.stuba.sk/zp/portal_zp.pl?podrobnosti=159049
https://opac.crzp.sk/?fn=detailBiblioForm&sid=7E417B54B864B7C45E27F74635AB
Tags: Aggiungi Tag
Nessun Tag, puoi essere il primo ad aggiungerne!!

MARC

LEADER 00000ntm a22000003a 4500
001 stuzp83801
003 SK-STU
005 20230515095450.6
007 ta
008 150427s2015----xo-----f-mn---000-0-slo-d
040 |a STU  |b slo 
041 0 |a slo 
100 1 |a Magulová, Petra  |u 010150  |4 aut  |U SvF Stavebná fakulta  |T SvF Katedra geotechniky  |X 87785  |U V150  |Y 15  |7 87785 
242 0 1 |a Assessment of the safety of the Horné Orešany dam under extreme stress  |y eng 
245 1 0 |a Posúdenie bezpečnosti priehrady Horné Orešany pri extrémnom namáhaní 
260 |c 2021 
650 4 |a stabilita svahu  |2 slo 
650 4 |a režim podzemných a priesakových vôd  |2 slo 
650 4 |a vodné dielo Horné Orešany  |2 slo 
650 4 |a GeoStudio  |2 slo 
650 4 |a vzdušný svah  |2 slo 
650 4 |a návodný svah  |2 slo 
650 4 |a upstream slope  |2 eng 
650 4 |a slope stability  |2 eng 
650 4 |a water regime of ground water and seepage  |2 eng 
650 4 |a Horné Orešany Dam  |2 eng 
650 4 |a GeoStudio  |2 eng 
650 4 |a downstream slope  |2 eng 
700 1 |a Bednárová, Emília  |u 010150  |k Z1  |4 ths  |U SvF Stavebná fakulta  |T SvF Katedra geotechniky  |X 1011  |U V150  |Y 15  |7 A000001011 
856 4 |u http://is.stuba.sk/zp/portal_zp.pl?podrobnosti=159049 
856 4 |u https://opac.crzp.sk/?fn=detailBiblioForm&sid=7E417B54B864B7C45E27F74635AB